Sources for Alexander the Great: an analysis of Plutarch's life and Arrian's, Anabasis Alexandrou

Gardado en:
Detalles Bibliográficos
Autor Principal: Hammond, Nicholas Geoffrey Lemprière (Author)
Formato: Libro
Idioma:inglés
Publicado: Cambridge Cambridge University 1993
Series:Classical Studies
Subjects:
Tags: Engadir etiqueta
Sen Etiquetas, Sexa o primeiro en etiquetar este rexistro!

MARC

LEADER 00000cam a2200000 a 4500
001 UCG8299
003 CL-VaPUC
005 20210602001457.0
008 111202e19930000UK |||||||||||||||||eng|d
999 |c 345918  |d 345916 
020 |a 9780521714716 
040 |c Pontificia Universidad Católica de Valparaíso 
082 0 4 |a 938.07 HAM 1993  |2 21 
100 |a Hammond, Nicholas Geoffrey Lemprière  |e author  |9 559273 
245 1 0 |a Sources for Alexander the Great:  |b  an analysis of Plutarch's life and Arrian's, Anabasis Alexandrou 
260 |a Cambridge  |b Cambridge University  |c 1993 
300 |a 345 páginas 
490 0 |a Classical Studies 
583 |a last modification  |c 20111206 08:37:55  |k Rodrigo Vera 
600 0 7 |a ALEJANDRO EL GRANDE  |2 CL-VaPUC  |9 540171 
650 0 |a Historia de Grecia   |9 267917 
650 0 |a Biografías  |9 255210 
650 7 |a GENERALES GRIEGOS  |2 CL-VaPUC  |9 559274 
650 7 |a EXPANSION MACEDONIA  |2 CL-VaPUC  |9 559275 
651 0 |a Grecia  |9 265314 
942 |c BK  |2 ddc 
945 |d 20111202 00:00:00  |a cmena 
952 |0 0  |1 0  |4 0  |6 938_070000000000000_HAM_1993  |7 0  |8 A  |9 446305  |a BIBHIS  |b BIBHIS  |d 2019-11-22  |i 4803566  |o 938.07 HAM 1993  |p 4803566  |r 2025-01-20  |w 2019-11-22  |y BK  |k HIS